<?xml version="1.0" encoding="UTF-8"?><?xml-stylesheet type="text/xsl" href="static/style.xsl"?><OAI-PMH xmlns="http://www.openarchives.org/OAI/2.0/" xmlns:xsi="http://www.w3.org/2001/XMLSchema-instance" xsi:schemaLocation="http://www.openarchives.org/OAI/2.0/ http://www.openarchives.org/OAI/2.0/OAI-PMH.xsd"><responseDate>2026-04-27T22:07:21Z</responseDate><request verb="GetRecord" identifier="oai:uvadoc.uva.es:10324/22971" metadataPrefix="marc">https://uvadoc.uva.es/oai/request</request><GetRecord><record><header><identifier>oai:uvadoc.uva.es:10324/22971</identifier><datestamp>2021-06-23T09:45:13Z</datestamp><setSpec>com_10324_1508</setSpec><setSpec>com_10324_894</setSpec><setSpec>col_10324_22761</setSpec></header><metadata><record xmlns="http://www.loc.gov/MARC21/slim" xmlns:doc="http://www.lyncode.com/xoai" xmlns:xsi="http://www.w3.org/2001/XMLSchema-instance" xmlns:dcterms="http://purl.org/dc/terms/" xsi:schemaLocation="http://www.loc.gov/MARC21/slim http://www.loc.gov/standards/marcxml/schema/MARC21slim.xsd">
<leader>00925njm 22002777a 4500</leader>
<datafield tag="042" ind1=" " ind2=" ">
<subfield code="a">dc</subfield>
</datafield>
<datafield tag="720" ind1=" " ind2=" ">
<subfield code="a">Gago Mencía, Ana Trinidad</subfield>
<subfield code="e">author</subfield>
</datafield>
<datafield tag="260" ind1=" " ind2=" ">
<subfield code="c">2015</subfield>
</datafield>
<datafield tag="520" ind1=" " ind2=" ">
<subfield code="a">En las titulaciones de Grado en Educación Primaria y Grado en Educación&#xd;
Infantil en la Universidad de Valladolid, la formación científica de los alumnos&#xd;
pasa por dos asignaturas de carácter obligatorio, al margen de otras de&#xd;
carácter optativo, en el caso de la primera titulación y una en el caso de la&#xd;
segunda. Estimando que quizá pudiera ser escaso su contacto con estas&#xd;
disciplinas, se plantea conocer en qué manera los alumnos de estas&#xd;
asignaturas asimilan los contenidos de carácter científico. La información&#xd;
obtenida es el punto de partida para poder establecer estrategias que mejoren&#xd;
la enseñanza y aprendizaje de estos contenidos.&#xd;
Con este estudio se pretende identificar los aspectos de las ciencias&#xd;
experimentales que resultan difíciles de aprender a los alumnos de Grado en&#xd;
Educación Primaria considerando, de manera preliminar, cuáles son los&#xd;
aspectos previos a la enseñanza de estas asignaturas que pudieran influir en el&#xd;
aprendizaje de los contenidos. Se han tenido en cuenta variables como los&#xd;
estudios previos, edad, sexo, motivo de elección de la titulación…Se procederá a un tratamiento estadístico básico que permitirá, más adelante, incorporar más&#xd;
variables y aplicar un estudio estadístico más complejo.</subfield>
</datafield>
<datafield tag="024" ind2=" " ind1="8">
<subfield code="a">I Seminario Internacional “Investigación en Educación para el siglo XXI”. coordinación: Alba Torrego González, Alberto Acebes de Pablo, Miriam Sonlleva Velasco, Raúl A. Barba Martín, Beatriz Piñataro Gómez, Lorena Adame y Cristina Mateo Ortiz. Segovia: Facultad de Educación, 2015</subfield>
</datafield>
<datafield tag="024" ind2=" " ind1="8">
<subfield code="a">978-84-608-2484-8</subfield>
</datafield>
<datafield tag="024" ind2=" " ind1="8">
<subfield code="a">http://uvadoc.uva.es/handle/10324/22971</subfield>
</datafield>
<datafield tag="245" ind1="0" ind2="0">
<subfield code="a">Cuestiones Previas Sobre El Aprendizaje De Ciencias Experimentales En Maestros En Formación</subfield>
</datafield>
</record></metadata></record></GetRecord></OAI-PMH>